000 00741cam a22002054a 4500
005 20250605164043.0
008 250528s ||||||||||||||||||||||||d
035 _a17044
020 _a394313003
040 _aGR-AtMCL
_bgre
_dGR-AtMCL
_eAACR2
245 1 _aAmerica's Political System
260 _bRandom House,
_c1972
300 _a684
520 _aGovernment and Political Systems, The Setting of the American System, Inputs for the Political System: Demands and Supports, The Conversion Structures of ther National Government, Outputs of the Political System, The System in Transition, List of Tables.
700 1 _aBinstock Robert H.
_93173
700 1 _aWoll Peter
_93174
942 _cBK
999 _c2484
_d2484